<?xml version="1.0" encoding="UTF-8"?>
<marc:record xmlns:marc="http://www.loc.gov/MARC21/slim">
   <marc:leader>00000nam a2200000 a 4500</marc:leader>
   <marc:datafield ind1="1" ind2=" " tag="100">
      <marc:subfield code="a">Gschwendtner, Herbert</marc:subfield>
      <marc:subfield code="4">aut</marc:subfield>
      <marc:subfield code="e">Verfasser/-in</marc:subfield>
   </marc:datafield>
   <marc:datafield ind1=" " ind2=" " tag="653">
      <marc:subfield code="a">Großglockner</marc:subfield>
   </marc:datafield>
   <marc:datafield ind1=" " ind2=" " tag="653">
      <marc:subfield code="a">Großglockner-Hochalpenstraße</marc:subfield>
   </marc:datafield>
   <marc:datafield ind1=" " ind2=" " tag="653">
      <marc:subfield code="a">Bildband</marc:subfield>
   </marc:datafield>
   <marc:datafield ind1="0" ind2="0" tag="245">
      <marc:subfield code="a">Erlebnis Großglockner Hochalpenstraße</marc:subfield>
   </marc:datafield>
   <marc:datafield ind1=" " ind2="1" tag="264">
      <marc:subfield code="b">A. Pustet</marc:subfield>
      <marc:subfield code="c">2012</marc:subfield>
   </marc:datafield>
   <marc:datafield ind1="1" ind2=" " tag="520">
      <marc:subfield code="a">Wo einst Säumer, Schwarzgeher und Schmuggler im Hochgebirge Kopf und Kragen riskierten, trifft man heute auf Reisende, Biker, Alpinisten und Gletscherforscher. Die Großglockner Hochalpenstraße erschließt eine Erlebniswelt, die den Nationalpark Hohe Tauern von seinen schönsten Seiten zeigt. Herbert Gschwendtner beschreibt Wanderrouten, Pflanzen und Tierwelt vor dem Hintergrund des Großglockners und der Pasterze. Er führt uns zu Themenwegen, Hütten und Almen, spürt historischen und kulinarischen Schmankerln nach. </marc:subfield>
   </marc:datafield>
   <marc:datafield ind1=" " ind2=" " tag="020">
      <marc:subfield code="a">9783702506742</marc:subfield>
      <marc:subfield code="9">9783702506742</marc:subfield>
   </marc:datafield>
</marc:record>
